000 00390nam a22001577a 4500
005 20251108164338.0
008 250721s1983 xx 000 0 ara d
082 1 4 _a691/شري
100 1 _aالشريف، روحي
245 1 0 _aمواد البناء /
264 1 _aعمان :
_bالمؤلف،
_c1983.
300 _a254ص
650 1 7 _aالبناء
942 _2ddc
_cBK
999 _c9894
_d9894